000 00444nam a2200229Ia 4500
001 073564
003 YMCAF
005 20230512160843.0
008 100717s9999 ||||||||||||||||| ||und|d
020 _a-
024 _a73564
035 _a13027
040 _aYMCAF
_beng
_cIN-KoLT
041 _aeng
100 _aNarula
245 0 _aMaterial science
250 _a-
260 _bTMH
653 _a-
653 _a-
942 _2ddc
_cBK
999 _c6823
_d6823